| 000 | 00857nam a2200229Ia 4500 | ||
|---|---|---|---|
| 001 | 486 | ||
| 003 | GE_BSU | ||
| 008 | 181216s||||||||xx |||||||||||||| ||und|| | ||
| 020 | _a9992897295 | ||
| 040 | _cGE_BSU | ||
| 080 | _a21(479.22) | ||
| 100 | _aფანჯიკიძე,თეიმურაზ | ||
| 245 | _aრელიგიური პროცესები საქართველოში XX და XXI საუკუნეთა მიჯნაზე | ||
| 245 | _cრედ. რ ბალანჩივაძე | ||
| 260 | _aთბილისი | ||
| 260 | _bლეგა | ||
| 260 | _c2003 | ||
| 300 | _a445გვ. | ||
| 541 | _h10 ლ | ||
| 653 | _aრელიგიური პროცესები საქართველოში XX და XXI საუკუნეთა მიჯნაზე | ||
| 942 | _cBK | ||
| 999 |
_c34700 _d34700 |
||